Statistiques concernant La Bible - Les rois du Royaume d'Israël

Cliquez ici pour prendre le quiz!

Statistiques générales

  • Ce quiz a été pris 7 fois
  • Le résultat moyen est 10 sur 19

Statistiques - réponses

Début du règneDuréeNom du Roi% Correct
931 av. ère22 ansJéroboam I
100%
782 av. ère41 ansJéroboam II
100%
874 av. ère22 ansAchab
57%
798 av. ère16 ansJoas
57%
853 av. ère2 ansAchazia
57%
841 av. ère28 ansJéhu
57%
885 av. ère12 ansOmri
57%
885 av. ère7 joursZimri
57%
908 av. ère24 ansBaescha
57%
732 av. ère9 ansOsée
57%
852 av. ère12 ansJoram
43%
909 av. ère2 ansNadab
43%
886 av. ère2 ansEla
43%
752 av. ère10 ansMenahem
43%
814 av. ère17 ansJoachaz
29%
753 av. ère6 moisZacharie
29%
752 av. ère1 moisSchallum
29%
742 av. ère2 ansPekachia
29%
740 av. ère8 ansPekach
29%

Distribution des résultats

Percentile par nombre de réponses

% des personnes avec chaque résultat

Votre développement - résultats

Vous n’avez pas pris ce quiz